| 000 | 00805nam a2200253 a 4500 | ||
|---|---|---|---|
| 001 | 2247 | ||
| 003 | BD-RjUL | ||
| 005 | 20211208233518.0 | ||
| 008 | 160614s19631960xx a 001 0 eng u | ||
| 035 | _a(BD-RjUL)2274 | ||
| 040 |
_aBUF _dOCL _dUKM _dEQO _dBD-RjUL _beng _cBD-RjUL |
||
| 041 | _aeng | ||
| 082 |
_a339.2 _bDEM 1963 _223 |
||
| 100 | 1 |
_aDernburg, Thomas Frederick. _95987 |
|
| 245 | 1 | 0 |
_aMacro-economics : _bthe measurement, analysis, and control of aggregate economic activity / _cThomas F. Dernburg [and] Duncan M. McDougall. |
| 250 | _a2d ed | ||
| 260 |
_aNew York : _bMcGraw-Hill, _cc1963. |
||
| 300 |
_ax, 310 p. : _bill ; _c24 cm |
||
| 504 | _aBibliographical footnotes. | ||
| 504 | _aIncludes index. | ||
| 650 | 0 |
_aIncome. _97316 |
|
| 700 | 1 |
_aMcDougall, Duncan M. _95989 |
|
| 942 |
_2ddc _cBK |
||
| 999 |
_c2247 _d2247 |
||